Za a proti práce z domu

Telepráca - pojem. Telepráca nie je home office. Kto je vhodný na teleprácu. Ako kontrolovať prácu doma.

Na minha lista:
Detalhes bibliográficos
Autor principal: Kováčová, Alexandra
Formato: Capítulo de Livro
Idioma:eslovaco
Assuntos:
Tags: Adicionar Tag
Sem tags, seja o primeiro a adicionar uma tag!

MARC

LEADER 00000naa a2200000 4500
001 0185360
005 20231208070347.7
041 0 |a slo 
044 |a SK 
245 1 0 |a Za a proti práce z domu  |c Alexandra Kováčová 
520 |a Telepráca - pojem. Telepráca nie je home office. Kto je vhodný na teleprácu. Ako kontrolovať prácu doma. 
610 2 0 |a práca z domu 
100 1 |a Kováčová, Alexandra